| 000 | 00387cam a2200133 a 4500 | ||
|---|---|---|---|
| 020 | _a0819190365 (alk. paper) | ||
| 040 | _cDLC | ||
| 082 | 0 | 0 | _a337 UNI 1993 A067 Or. |
| 100 | 1 | _aMourdoukoutas, Panos. | |
| 245 | 1 | 0 |
_aJapan's turn : _bthe interchange in economic leadership / |
| 260 |
_aLanham : _bUniversity Press of America, _cc1993. |
||
| 300 |
_a230 p. : _bill. ; _c23 cm. |
||
| 942 | _cEK | ||
| 999 |
_c14408 _d14408 |
||